000 00635nam a2200217 i 4500
001 C2-0296644
003 PPAK
005 20180728075000.0
008 090423s1992 my |||| ||||| | may d
020 _a9836203486
040 _aPPAK
_beng
_cPPAK
_erda
082 0 4 _a372.873
_223
090 0 0 _a372.873
_bPEL
_dKIH
245 0 0 _aPelajaran muzik tahun enam
_bUntuk sekolah kebangsaan dan sekolah rendah kebangsaan
264 1 _aKuala Lumpur :
_bDewan Bahasa dan Pustaka ,
_c1992
300 _a229 pages ;
_c28 cm
336 _2rdacontent
_atext
337 _2rdamedia
_aunmediated
338 _2rdacarrier
_avolume
942 _ddc
_cB
999 _c101085
_d101085